La ropa - Clothes - Statistics

General Stats
  • This quiz has been taken 14 times
    8 since last reset
  • The average score is 19 of 45
Answer Stats
Hint Answer % Correct
coat abrigo
60%
blouse blusa
60%
purse bolso
60%
shirt camisa
60%
t-shirt camiseta
60%
belt cinturón
60%
necklace collar
60%
skirt falda
60%
pants pantalones
60%
pajamas pijama
60%
clothes ropa
60%
hat sombrero
60%
dress vestido
60%
shoes zapatos
60%
ring anillo
40%
robe bata
40%
boots botas
40%
scarf bufanda
40%
socks calcetines
40%
vest chaleco
40%
sandals chanclas
40%
jacket chaqueta
40%
tie corbata
40%
glasses gafas
40%
sun glasses gafas de sol
40%
cap gorra
40%
beanie gorro
40%
gloves guantes
40%
jumpsuit mono
40%
umbrella paraguas
40%
earrings pendientes
40%
bracelet pulsera
40%
watch reloj
40%
high heels tacones
40%
tennis shoes tenis
40%
suit traje
40%
jeans vaqueros
40%
sneakers zapatillas
40%
tank top camiseta de tirantes
20%
tracksuit chándal
20%
headband diadema
20%
shorts pantalones cortos
20%
sweatshirt sudadera
20%
sweater suéter
20%
bathing suit traje de baño
20%
No matching quizzes found
Score Distribution
Percent of People with Each Score
Percentile by Number Answered
Your Score History
You have not taken this quiz since the last reset